MDQL
is popping MORE tags! Check the
thread
!
Quizzes
Events
Quiz Creation
Community
Videos
Private Events
Remove Ads
Sign In
Join for FREE
Feedback
Dark Mode
Quiz Categories
Sports
Geography
Music
Movies
Television
Just For Fun
Miscellaneous
History
Literature
Language
Science
Gaming
Entertainment
Religion
Holiday
For Kids
Quiz Lab
Recent
Popular Today
Quiz Kudos Today
Editor Picks
Curator Picks
Quizzes by...
Day
Popularity
Type
Ratings
Length
Year
Community
Subscriptions
Recent Discussions
Orange Saloon
Badges
Playlists
Quests
Create
Leaderboards
Showdown
Live 5
Trivia Bingo
Activity
Puzzle Library
Sporcle Events
Private Events
Virtual Trivia
Globe League
Become a Host
Pub Owners
SporcleCon
Opinionation
Our Games
Videos
Blog
Mobile Apps
Partnerships
Remove Ads and Go Orange
Feedback
Science
Computer
Plants
Astronomy
Chemistry
Elements
Math
Animal
Physics
Anatomy
Biology
Geology
General Science
Science
Computer
Plants
Astronomy
Chemistry
Elements
Math
Animal
Physics
Anatomy
Biology
Geology
General Science
Random Quiz
Search Sporcle
×
Curator Pick
Curator Pick
Science
Physics
Click on answers out of a set of options
Click on answers out of a set of options
Multiple Choice
Best Score? Go Orange.
SI Units (Multiple Choice) Stats
Can you pick the correct SI unit when given the quantity?
By
nordic
5m
10 Questions
806 Plays
806 Plays
806 Plays
Comments
Comments
Give Quiz Kudos
Give Quiz Kudos
-
- Ratings
hide this ad
Random Order
Randomize order of answers
Randomize order of answers
Replay
Link that replays current quiz
Next Quiz
Link to next quiz in quiz playlist
You Got
0%
They Got
Avg Score
84%
Avg Friend Score
Upgrade to see
Score Distribution
Jump to the score distribution portion of the page
Score
0/10
Timer
05:00
0
Plays Today
Question
Answer
Wrong Answers
Time
Second
97.3%
Meter
0.5%
Mole
0.2%
Ampere
2%
Mass
Kilogram
93.1%
Mole
2.5%
Candela
0.9%
Kelvin
1.6%
Frequency
Hertz
90.6%
Volt
3.1%
Ohm
3.6%
Joule
1.6%
Power
Watt
85.5%
Volt
9.1%
Coulomb
2.6%
Katal
0.9%
Electric resistance
Ohm
85.2%
Volt
6.3%
Ampere
2.4%
Pascal
3%
Force
Newton
84.2%
Watt
1.4%
Becquerel
1.5%
Joule
9.2%
Thermodynamic temperature
Kelvin
82.5%
degree Celsius
12.5%
Ohm
0.9%
Radian
1.5%
Illuminance
Lux
77%
Weber
5.1%
Tesla
9.9%
Katal
3.8%
Electric current
Ampere
76.1%
Volt
20.7%
Tesla
1.4%
Newton
0.6%
Pressure
Pascal
73.8%
Siemens
1.9%
Weber
1.6%
Newton
19.1%
Quiz Playlist
Details
Report
Send in Message
Add To Playlist
Multiple Choice:
Click on answers out of a set of options
Random Order:
Randomize order of answers
Last Updated: May 28, 2017
Curator Pick in
Physics
Quiz Scoreboard
CHALLENGE
Sign Up to Join the Scoreboard
Show All
Scores
Hide
Comments
May contain spoilers
Recently Published
Image Sorting: Flags VI
by Barbecue
Geography
2m
Find the 'City' Movie
by crazypaving
Movies
60s
Colored Red Africa Blitz
by spor1
Geography
45s
More to Explore
Quiz From the Vault
Featured Blog Post
14 Easter Pick-up Lines to Find Eggs With
hide this ad
You Might Also Like...
Tags
Physics Quiz
multiple
Multiple Choice
Quantity
SI Units
unit
Today's Top Quizzes in Science
Browse Science
hide this ad
Today's Top Quizzes in Physics
Browse Physics
Top Contributed Quizzes in Science
1
Windmill: Elements
2
200 Vogels in Nederland
3
Square Numbers Scrambled (1-50)
4
Count to 60
5
Glycolysis
6
Elements In Images
7
17 TIMES TABLE
8
4-letter Elementary Words III
9
The First 100 Digits of Pi
10
Astronomy Spelling Bee
Explore More
Trending Topics
Crossword
Harry Potter
Anime
NBA
Marvel
Kpop
Disney
Soccer
NFL
Country
Puzzle
WWE
The Office
Song
Pokémon
hide this ad
More By:
nordic
Quiz
Plays
Rating
Category
Featured
Created
Soviet Leaders in Chronological Order
165,877
4.38
History
Apr 22, 2015
Odd World Leader Out
28,209
4.69
History
Oct 7, 2016
10 to 1 Language Countdown
4,039
4.78
Language
May 20, 2015
Pick the Cities in Russia
3,292
4.55
Geography
Oct 1, 2014
Prime Ministers of Israel by Picture
1,998
4.47
History
Mar 23, 2015
Go to Creator's Profile
Score Distribution
Quiz Creator Spotlight
nordic
Follow
Send a Message
Quizzes Created
-
Created Quiz Play Count
-
More By This Creator
Popular Quizzes Today
1
Colored Red Africa Blitz
2
Find the US States - No Outlines Minefield
3
Find the 'City' Movie
4
5x2 Blitz: Bands
5
The Countries of the World
6
Find the US States
7
Find the Countries of Europe - No Outlines Minefield
8
US States
More Science Quizzes
Element Mashup!
Editor's Pick
Trending Quizzes
Colored Red Europe Blitz I
Colored Red Europe Blitz II
Colored Red Africa Blitz II
Colored Red Europe Blitz III
Colored Red Africa Blitz III
Recently Updated
How Do You Spell That?
pecheneg
Godzilla Movies
pecheneg
Grab Bag: 4-10 Letters
pecheneg
2024 March Madness Bracket
pecheneg
Famous TV Couples
Peacemaker
Champions League XIs: Real Madrid
pecheneg
Largest US Cities 1790-2010
pecheneg
Rides in Walt Disney World
pecheneg
Most Oscar Losses (Acting)
pecheneg
Beyoncé Albums
pecheneg
Trending Topics
Anime
Crossword
Kpop
Harry Potter
Marvel
Disney
NBA
Soccer
NFL
The Office
WWE
Country
Puzzle
Pokémon
Song
Your Account Isn't Verified!
In order to create a playlist on Sporcle, you need to verify the email address you used during registration. Go to your
Sporcle Settings
to finish the process.
Report this User
Report this user for behavior that violates our
Community Guidelines
.
Details:
Send Report
Go to the Sporcle.com Mobile Site →
Comments